| 000 | 00612cam a22002293a 4500 | ||
|---|---|---|---|
| 001 | 13974 | ||
| 003 | PGUSA | ||
| 005 | 20140828083311.0 | ||
| 008 | 041108s2004||||xxu|||||s|||||000 p eng d | ||
| 040 |
_aPGUSA _beng |
||
| 042 | _adc | ||
| 050 | 4 | _aPS | |
| 100 | 1 | _aWarren, G. B. | |
| 245 | 1 | 4 |
_aThe Last West and Paolo's Virginia _h[electronic resource] / _cG. B. Warren |
| 260 |
_bProject Gutenberg, _c2004 |
||
| 506 | _aPublic domain in the USA. | ||
| 516 | _aElectronic text | ||
| 653 | _aPoetry | ||
| 830 | 0 |
_aProject Gutenberg _v13974 |
|
| 856 | 4 | 0 | _uhttp://www.gutenberg.org/ebooks/13974 |
| 942 | _cEB | ||
| 999 |
_c243229 _d243229 |
||